Travel and tourism (Record no. 129986)
[ view plain ]
| 000 -LEADER | |
|---|---|
| fixed length control field | 01384nam a2200373Ia 4500 |
| 082 04 - DEWEY DECIMAL CLASSIFICATION NUMBER | |
| Classification number | 338.4/791 |
| 100 1# - MAIN ENTRY--AUTHOR NAME | |
| Personal name | Sharpley, Richard, |
| 245 10 - TITLE STATEMENT | |
| Title | Travel and tourism |
| 260 ## - PUBLICATION, DISTRIBUTION, ETC. (IMPRINT) | |
| Place of publication | Thousand Oaks, CA : |
| Name of publisher | Sage Publications, |
| Year of publication | 2006. |
| 300 ## - PHYSICAL DESCRIPTION | |
| Number of Pages | vi, 232 p. : |
| Other physical details | ill. |
| 490 1# - SERIES STATEMENT | |
| Series statement | Sage course companions |
| 650 #0 - SUBJECT ADDED ENTRY--TOPICAL TERM | |
| Topical Term | Tourism |
| Topical Term | Travel |
| 856 40 - ELECTRONIC LOCATION AND ACCESS | |
| Uniform Resource Identifier | http://site.ebrary.com/lib/rucke/Doc?id=10218254 |
No items available.
